000 00591nam a22001937a 4500
003 OSt
005 20140310182753.0
008 130204t xxu||||| |||| 00| 0 eng d
050 _a BJ 1661
_b.Uc17 1995
082 _aM 158.1
_bUc4 1995
245 _aJourney into the 21st century :
_ba book for teenagers and young people
_cReiko Uchida ; translated by Elon Satoru Simon.
260 _aJapan, Tokyo
_bArt Village Co., Ltd.
_c c1995
300 _a117 p. ;
_c17 cm.
521 _acollege students
526 _c1210L-1700L
541 _j1
562 _e1
942 _2lcc
_cBK
_kM
999 _c15793
_d15793